[Event "Santiago Oriental zt"]
[Site "Santiago"]
[Date "2024.01.22"]
[Round "3"]
[White "Fuentes De Feria, Hector Luis"]
[Black "Perez Rodriguez, Cesar Alejandro"]
[Result "0-1"]
[WhiteElo "2120"]
[BlackElo "2317"]
[PlyCount "122"]
[EventDate "2024.01.21"]
[EventType "tourn"]
[EventRounds "9"]
[EventCountry "CUB"]
[SourceTitle "CB06_2024"]
[SourceDate "2024.02.07"]
[SourceVersion "1"]
[SourceVersionDate "2024.02.07"]
[SourceQuality "1"]

1. e4 c5 2. Nf3 d6 3. d4 cxd4 4. Nxd4 Nf6 5. Nc3 a6 6. a4 e5 7. Nf3 h6 8. Bc4 Qc7 9. Qe2 Be7 10. h3 Nc6 11. 0-0 0-0 12. Be3 Bd7 13. Nd5 Nxd5 14. Bxd5 Rac8 15. c3 Be6 16. Rfd1 Na5 17. Nh2 Nc4 18. Ng4 Nxe3 19. Nxe3 g6 20. Rd3 Kg7 21. c4 Rce8 22. b3 Bc8 23. Rad1 Bd8 24. Nf1 Qe7 25. Rg3 Ba5 26. Ne3 Kh7 27. Kh1 Bb4 28. Rf1 Qh4 29. Nc2 Bc5 30. b4 Ba7 31. c5 dxc5 32. b5 axb5 33. axb5 f5 34. exf5 gxf5 35. Ra1 Bb8 36. Ra8 Bd6 37. Rd3 Qf6 38. Ne3 e4 39. Rd1 Kh8 40. Nc4 Bf4 41. Qh5 Rd8 42. Ne3 Qg5 43. Qxg5 Bxg5 44. Bc4 f4 45. Rxd8 Rxd8 46. Nd5 Kg7 47. h4 Be6 48. Rxd8 Bxd8 49. h5 Bf7 50. Kg1 Bg5 51. Kf1 Bxh5 52. Nc3 e3 53. fxe3 fxe3 54. Be2 Be8 55. Bf3 Bf6 56. Nd5 Bxb5+ 57. Ke1 Bd4 58. Nf4 Ba6 59. Ne6+ Kf6 60. Nc7 Bd3 61. Bg4 b5 0-1

[Event "Guillermo Garcia Memorial op"]
[Site "Santa Clara"]
[Date "2022.05.07"]
[Round "7"]
[White "Rodriguez Dosina, Adrian"]
[Black "Perez Rodriguez, Cesar Alejandro"]
[Result "1-0"]
[WhiteElo "2209"]
[BlackElo "2343"]
[PlyCount "93"]
[EventDate "2022.04.30"]
[EventType "swiss"]
[EventRounds "9"]
[EventCountry "CUB"]
[SourceTitle "CBM 208 Extra"]
[Source "ChessBase"]
[SourceDate "2022.07.31"]
[SourceVersion "1"]
[SourceVersionDate "2022.07.31"]
[SourceQuality "1"]

1. d4 Nf6 2. g3 g6 3. Bg2 Bg7 4. e4 0-0 5. Nc3 d6 6. Nge2 Na6 7. 0-0 c5 8. h3 cxd4 9. Nxd4 Nc5 10. Be3 Nfd7 11. Qd2 Ne5 12. b3 Ne6 13. f4 Nc6 14. Nce2 Bd7 15. c4 Qb8 16. Nxe6 Bxe6 17. Rac1 Kh8 18. g4 Qd8 19. g5 Qd7 20. Kh2 Rad8 21. b4 Qc7 22. Ng3 f6 23. h4 Bf7 24. a3 b6 25. Rfd1 Nb8 26. Bf1 Be6 27. Be2 Nd7 28. Kg2 a5 29. Rh1 Kg8 30. Bd4 axb4 31. axb4 Ra8 32. h5 Ra3 33. hxg6 hxg6 34. Rc3 Rfa8 35. f5 Bf7 36. fxg6 Bxg6 37. Nf5 Bxf5 38. exf5 Ra2 39. Rc2 Rxc2 40. Qxc2 Ne5 41. Bxe5 dxe5 42. c5 Ra3 43. Qc4+ Kf8 44. c6 b5 45. Qe6 Rc3 46. Ra1 Qd8 47. g6 1-0

[Event "FISU World University KO"]
[Site "Tornelo INT"]
[Date "2020.10.29"]
[Round "1"]
[White "Perez Rodriguez, Cesar Alejandro"]
[Black "Osmak, Iulija"]
[Result "0-1"]
[WhiteElo "2303"]
[BlackElo "2438"]
[PlyCount "156"]
[EventDate "2020.10.29"]
[EventType "team-k.o. (rapid)"]
[EventRounds "4"]
[EventCountry "NET"]
[SourceTitle "CBM 199 Extra"]
[Source "ChessBase"]
[SourceDate "2021.01.31"]
[SourceVersion "1"]
[SourceVersionDate "2021.01.31"]
[SourceQuality "1"]
[WhiteTeam "Cuba II"]
[BlackTeam "Ukraine"]
[WhiteTeamCountry "CUB"]
[BlackTeamCountry "UKR"]

1. e4 e6 2. d4 d5 3. Nc3 Bb4 4. e5 Qd7 5. Qg4 Bf8 6. Bg5 h6 7. Be3 Ne7 8. Bd3 b6 9. 0-0-0 Ba6 10. Bxa6 Nxa6 11. Qe2 Nb4 12. f4 Nf5 13. a3 Nc6 14. Nf3 h5 15. Bf2 0-0-0 16. g3 Na5 17. h3 Ne7 18. Ng5 Nec6 19. Qa6+ Kb8 20. Rhe1 Re8 21. Nb5 f6 22. exf6 gxf6 23. Nf3 Qc8 24. Qxc8+ Kxc8 25. Re2 Kd7 26. Kb1 Bh6 27. Ka2 Ne7 28. Rde1 c6 29. Nc3 Nf5 30. g4 hxg4 31. hxg4 Nd6 32. g5 Bg7 33. Bh4 fxg5 34. fxg5 Nf5 35. Bf2 Nc4 36. b3 Ncd6 37. Ne5+ Bxe5 38. dxe5 Nc8 39. Rd2 Kc7 40. Ne2 Rhg8 41. Rg1 Nce7 42. c4 Ng6 43. Re1 Nxe5 44. Nd4 Nxd4 45. Rxe5 Nf3 46. Bg3 Nxd2 47. Rxd5+ e5 48. Rxd2 Rxg5 49. Bf2 e4 50. Be3 Rf5 51. a4 Rf3 52. Re2 Re7 53. a5 c5 54. Ka3 Kc6 55. Ka4 bxa5 56. Kxa5 Rb7 57. Ka4 Re7 58. b4 cxb4 59. Kxb4 Rb7+ 60. Kc3 Rd7 61. Kc2 Rh3 62. Bf4 Rd4 63. Be3 Rxc4+ 64. Kb3 Kb5 65. Kb2 a5 66. Bd2 a4 67. Rg2 Rb3+ 68. Ka2 Rc2+ 69. Ka1 Rd3 70. Rg5+ Kc4 71. Re5 Rdxd2 72. Kb1 Kd3 73. Rd5+ Ke2 74. Ra5 Rb2+ 75. Ka1 Ra2+ 76. Kb1 a3 77. Rb5 Rab2+ 78. Ka1 Rd1# 0-1

[Event "FISU World University"]
[Site "Tornelo INT"]
[Date "2020.10.28"]
[Round "8.12"]
[White "Perez Rodriguez, Cesar Alejandro"]
[Black "Dominguez, Laura Lucia"]
[Result "1-0"]
[WhiteElo "2303"]
[BlackElo "1970"]
[PlyCount "77"]
[EventDate "2020.10.26"]
[EventType "team-swiss (rapid)"]
[EventRounds "9"]
[EventCountry "NET"]
[SourceTitle "CBM 199 Extra"]
[Source "ChessBase"]
[SourceDate "2021.01.31"]
[SourceVersion "1"]
[SourceVersionDate "2021.01.31"]
[SourceQuality "1"]
[WhiteTeam "Cuba II"]
[BlackTeam "Colombia II"]
[WhiteTeamCountry "CUB"]
[BlackTeamCountry "COL"]

1. e4 c5 2. Nf3 d6 3. d4 cxd4 4. Nxd4 Nf6 5. Nc3 g6 6. Be3 a6 7. f3 h5 8. Qd2 Nbd7 9. Be2 b5 10. a4 b4 11. Nd5 Nxd5 12. exd5 a5 13. Nc6 Qc7 14. Bd4 f6 15. Bd3 Kf7 16. f4 Bb7 17. Qe2 Nc5 18. Bxc5 dxc5 19. Qe6+ Kg7 20. Ne5 Bxd5 21. Qxd5 fxe5 22. Qxa8 exf4 23. Qe4 Rh6 24. Qe6 g5 25. Qf5 g4 26. 0-0 e5 27. Rae1 c4 28. Qg5+ Kh8 29. Bf5 Qb6+ 30. Kh1 Bg7 31. Rd1 Rd6 32. Rxd6 Qxd6 33. Qxh5+ Kg8 34. Bxg4 e4 35. Rd1 Qe7 36. Rd8+ Bf8 37. Qg6+ Kh8 38. Qh6+ Kg8 39. Be6+ 1-0

[Event "Las Tunas Guerrero Memorial-B"]
[Site "Las Tunas"]
[Date "2020.02.16"]
[Round "1.2"]
[White "Perez Rodriguez, Cesar Alejandro"]
[Black "Perez Marimon, Jorge De Jesus"]
[Result "1-0"]
[WhiteElo "2229"]
[BlackElo "2237"]
[PlyCount "61"]
[EventDate "2020.02.16"]
[EventType "tourn"]
[EventRounds "10"]
[EventCountry "CUB"]
[SourceTitle "EXT 2023"]
[Source "ChessBase"]
[SourceDate "2022.10.05"]
[SourceVersion "1"]
[SourceVersionDate "2022.10.05"]
[SourceQuality "1"]

1. e4 c5 2. Nf3 Nc6 3. d4 cxd4 4. Nxd4 Nf6 5. Nc3 e5 6. Ndb5 d6 7. Bg5 a6 8. Na3 Be6 9. Nc4 Rb8 10. Bxf6 Qxf6 11. Nxd6+ Bxd6 12. Qxd6 Rd8 13. Qc5 Nd4 14. Bd3 Qg5 15. Kf1 Rc8 16. Qd6 Rc6 17. Qb8+ Rc8 18. Qd6 Rc6 19. Qb4 b5 20. Rd1 Rc4 21. Qd6 Rc6 22. Qa3 Bg4 23. h4 Qd8 24. f3 Be6 25. Ne2 Rd6 26. Nxd4 Rxd4 27. Qc5 Qd6 28. Bxb5+ Ke7 29. Qxd6+ Rxd6 30. Rxd6 Kxd6 31. Bd3 1-0

[Event "Guillermo Garcia Memorial op 28th"]
[Site "Santa Clara"]
[Date "2019.04.27"]
[Round "5"]
[White "Lopez Gonzalez, Abel Fabian"]
[Black "Perez Rodriguez, Cesar Alejandro"]
[Result "1-0"]
[WhiteElo "2347"]
[BlackElo "2233"]
[PlyCount "109"]
[EventDate "2019.04.23"]
[EventType "swiss"]
[EventRounds "9"]
[EventCountry "CUB"]
[SourceTitle "EXT 2020"]
[Source "ChessBase"]
[SourceDate "2019.10.17"]
[SourceVersion "1"]
[SourceVersionDate "2019.10.17"]
[SourceQuality "1"]

1. e4 c5 2. Nf3 d6 3. d4 cxd4 4. Nxd4 Nf6 5. Nc3 a6 6. f3 e5 7. Nb3 Be6 8. Be3 Be7 9. Qd2 0-0 10. 0-0-0 Nbd7 11. g4 b5 12. g5 b4 13. gxf6 bxc3 14. Qxc3 Nxf6 15. Na5 Rc8 16. Nc6 Qe8 17. Nxe7+ Qxe7 18. Qa5 Rc6 19. Rd2 Qb7 20. Kb1 Nh5 21. Be2 f5 22. Bd3 Bc4 23. Bxc4+ Rxc4 24. Rxd6 fxe4 25. Qxe5 Qf7 26. fxe4 Qf3 27. Qd5+ Kh8 28. Rd1 Rxe4 29. Bc5 Nf4 30. Rd8 Nxd5 31. Rxf8+ Qxf8 32. Bxf8 Kg8 33. Bd6 Kf7 34. Bg3 Nf6 35. b3 h5 36. c4 h4 37. Bc7 Re2 38. c5 Ne4 39. Rc1 g5 40. c6 Ke8 41. Ba5 Nd6 42. Rd1 Re6 43. Bb4 Nb5 44. a4 Na7 45. c7 Rc6 46. Ba5 g4 47. Rd4 Rg6 48. Rd8+ Kf7 49. Ra8 Rg8 50. Rxa7 Rc8 51. Rxa6 g3 52. hxg3 hxg3 53. Rc6 g2 54. Rc1 Rh8 55. Bb6 1-0

[Event "Barreras Memorial"]
[Site "Las Tunas"]
[Date "2017.04.12"]
[Round "3"]
[White "Bosch Valls, Leannet Mariah"]
[Black "Perez Rodriguez, Cesar Alejandro"]
[Result "0-1"]
[WhiteElo "1890"]
[BlackElo "2336"]
[PlyCount "38"]
[EventDate "2017.04.11"]
[EventType "tourn"]
[EventRounds "7"]
[EventCountry "CUB"]
[SourceTitle "EXT 2023"]
[Source "ChessBase"]
[SourceDate "2022.10.05"]
[SourceVersion "1"]
[SourceVersionDate "2022.10.05"]
[SourceQuality "1"]

1. e4 c5 2. Nc3 d6 3. f4 g6 4. Bc4 Bg7 5. Nf3 Nc6 6. a4 e6 7. 0-0 Nge7 8. Bb3 0-0 9. Qe1 Nd4 10. Nxd4 cxd4 11. Ne2 d3 12. Nc3 Nc6 13. Kh1 Nd4 14. Qd1 e5 15. Nd5 Qh4 16. Nb4 dxc2 17. Bxc2 Bg4 18. Qe1 Qxe1 19. Rxe1 a5 0-1

[Event "Guillermo Garcia Memorial op 24th"]
[Site "Santa Clara"]
[Date "2015.06.11"]
[Round "9"]
[White "Guerrero Sierra, Juan Carlos"]
[Black "Perez Rodriguez, Cesar Alejandro"]
[Result "1/2-1/2"]
[WhiteElo "2234"]
[BlackElo "2231"]
[PlyCount "93"]
[EventDate "2015.06.03"]
[EventType "swiss"]
[EventRounds "9"]
[EventCountry "CUB"]
[SourceTitle "CBM 167 Extra"]
[Source "ChessBase"]
[SourceDate "2015.09.14"]
[SourceVersion "1"]
[SourceVersionDate "2015.09.14"]
[SourceQuality "1"]

1. e4 c5 2. Nf3 d6 3. d4 cxd4 4. Nxd4 Nf6 5. Nc3 a6 6. Bg5 e6 7. f4 Be7 8. Qf3 Qc7 9. 0-0-0 Nbd7 10. Bd3 b5 11. Rhe1 b4 12. Nd5 exd5 13. exd5 Kf8 14. Nf5 Bd8 15. Qg3 Nh5 16. Qe3 Ndf6 17. g4 Bxf5 18. Bxf5 h6 19. gxh5 hxg5 20. fxg5 Rxh5 21. gxf6 Bxf6 22. Qf3 Rh6 23. h3 a5 24. Re4 Rb8 25. Qb3 Qa7 26. Qa4 Be5 27. Rf1 Rf6 28. Qc6 Kg8 29. Qc4 a4 30. Ree1 b3 31. cxb3 a3 32. Kb1 g6 33. Bc2 Bxb2 34. h4 Rxf1 35. Rxf1 Bg7 36. h5 Qe3 37. hxg6 Qe5 38. gxf7+ Kf8 39. Kc1 Bh6+ 40. Kd1 Qh5+ 41. Ke1 Qh2 42. Rf2 Qg1+ 43. Ke2 Qc1 44. Kf3 Qh1+ 45. Ke2 Qc1 46. Kf3 Qh1+ 47. Ke2 1/2-1/2

[Event "Guillermo Garcia Memorial op 24th"]
[Site "Santa Clara"]
[Date "2015.06.07"]
[Round "5"]
[White "Perez Rodriguez, Cesar Alejandro"]
[Black "Gil Alba, Hector Luis"]
[Result "0-1"]
[WhiteElo "2231"]
[BlackElo "2298"]
[PlyCount "86"]
[EventDate "2015.06.03"]
[EventType "swiss"]
[EventRounds "9"]
[EventCountry "CUB"]
[SourceTitle "CBM 167 Extra"]
[Source "ChessBase"]
[SourceDate "2015.09.14"]
[SourceVersion "1"]
[SourceVersionDate "2015.09.14"]
[SourceQuality "1"]

1. e4 d6 2. d4 Nf6 3. Bd3 e5 4. c3 Nc6 5. Ne2 d5 6. exd5 Qxd5 7. 0-0 Be7 8. c4 Qd8 9. d5 Nb4 10. Nbc3 Nxd3 11. Qxd3 0-0 12. Rd1 Nd7 13. Ng3 Re8 14. h3 Bf8 15. a3 Nc5 16. Qc2 a5 17. Be3 Na6 18. Rab1 Bd7 19. Rdc1 c5 20. Na2 b5 21. cxb5 Bxb5 22. Nc3 Bd7 23. Na4 Bxa4 24. Qxa4 Qxd5 25. Qxa5 Nb4 26. Qb5 Reb8 27. Qf1 Nc6 28. Rc3 Nd4 29. Qd3 h6 30. Kh1 Qa2 31. f4 e4 32. Nxe4 Ne2 33. Rc4 Rb3 34. Nc3 Nxc3 35. Rxc3 c4 36. Qf1 Raxa3 37. Rxb3 Rxb3 38. Bd4 Rd3 39. Bc3 Qb3 40. Qe1 Qb7 41. Qh4 Rxc3 42. Re1 Rc2 43. Qg3 Qd7 0-1

[Event "Guillermo Garcia Memorial op 24th"]
[Site "Santa Clara"]
[Date "2015.06.04"]
[Round "2"]
[White "Perez Rodriguez, Cesar Alejandro"]
[Black "Hernandez Gonzalez, William"]
[Result "1-0"]
[WhiteElo "2231"]
[BlackElo "2402"]
[PlyCount "75"]
[EventDate "2015.06.03"]
[EventType "swiss"]
[EventRounds "9"]
[EventCountry "CUB"]
[SourceTitle "CBM 167 Extra"]
[Source "ChessBase"]
[SourceDate "2015.09.14"]
[SourceVersion "1"]
[SourceVersionDate "2015.09.14"]
[SourceQuality "1"]

1. e4 c5 2. Nf3 d6 3. d4 cxd4 4. Nxd4 Nf6 5. Nc3 a6 6. Be3 e5 7. Nb3 Be6 8. f3 Be7 9. Qd2 0-0 10. 0-0-0 a5 11. a4 Nc6 12. g4 Nb4 13. Kb1 Rc8 14. g5 Nd7 15. f4 exf4 16. Bxf4 Nc5 17. Nd4 Bg4 18. Be2 Bxe2 19. Qxe2 Bxg5 20. Bxg5 Qxg5 21. Nf5 g6 22. Rdf1 Qd8 23. Rhg1 Kh8 24. Rf3 Ne6 25. Qd2 Qb6 26. Rg2 f6 27. Qh6 Rf7 28. Rxg6 Ng5 29. Rf1 Qd8 30. Rg7 Rcc7 31. Rxf7 Rxf7 32. Qh5 Rc7 33. h4 Qg8 34. Nh6 Qe6 35. Rxf6 Qxf6 36. Qe8+ Kg7 37. Nf5+ Qxf5 38. exf5 1-0